| 000 | 00974cam a22002535a 4500 | ||
|---|---|---|---|
| 001 | L159434 | ||
| 008 | 140821s2017 xxk f 000 0 eng d | ||
| 035 | _a(Sirsi) u159434 | ||
| 041 | 0 | _aeng | |
| 050 | 0 | 4 | _a692.8 |
| 110 | 2 |
_aRoyal Institution of Chartered Surveyors _94900 |
|
| 240 | _aBIM for Project Managers | ||
| 245 | 0 | 0 | _aBuilding Information Modeling (BIM) for Project Managers |
| 260 |
_aLondon _bRICS _c2017 |
||
| 490 | 0 | _aRICS Insight | |
| 490 | 0 | _aRICS Research | |
| 520 | _aProvides market insight into organisational strategic issues and the role and functions of project managers in BIM implementation. The paper also looks to the future, at how roles might evolve as BIM continues to develop. | ||
| 590 | _aKA | ||
| 651 | 4 | _aUnited Kingdom | |
| 690 |
_aBIM _96219 |
||
| 690 |
_aProject management _96261 |
||
| 856 | 4 | 0 |
_uhttps://www.rics.org/news-insights/research-and-insights/bim-for-project-managers _zView free on RICS.org |
| 942 |
_n0 _2ddc |
||
| 999 |
_c115895 _d115895 |
||